[Event "Hoogovens"]
[Site "Wijk aan Zee"]
[Date "1995.01.??"]
[Round "2"]
[White "Timman, Jan H"]
[Black "Piket, Jeroen"]
[Result "1-0"]
[WhiteElo "2635"]
[BlackElo "2640"]
[Annotator "Wedberg,T"]
[PlyCount "51"]
[EventDate "1995.01.??"]
[EventType "k.o."]
[EventRounds "5"]
[EventCountry "NED"]
[SourceTitle "CBM 045"]
[Source "ChessBase"]
[SourceDate "1995.04.01"]
[SourceVersion "1"]
[SourceVersionDate "1995.04.01"]
[SourceQuality "1"]

1. e4 {Ernst} e5 2. Nf3 Nc6 3. Bb5 f5 4. Nc3 fxe4 5. Nxe4 d5 6. Nxe5 dxe4 7.
Nxc6 Qd5 8. c4 Qd6 9. Qh5+ (9. Nxa7+ {Main line} Bd7 10. Bxd7+ Qxd7 11. Qh5+ g6
12. Qe5+ Kf7 13. Nb5 c6 14. Qd4 $1 (14. Qxh8 Nf6 15. Nc3 Re8 $44 {/\Bg7}) 14...
Qe7 (14... Qxd4 $5 15. Nxd4 Ra4 $1 $14) 15. Qxh8 Nf6 16. b3 Rd8 17. Bb2 Bg7 18.
Ba3 Qd7 19. Nd6+ Ke6 20. Qxd8 Qxd8 21. Nxb7 Qc7 22. Nc5+ Kf7 23. Bb2 $14 {
Jacobs-Julian/Benidorm/1989}) 9... g6 10. Qe5+ Qxe5 11. Nxe5+ c6 12. Ba4 (12.
Nxc6 $4 {Ernst} a6 13. Ba4 Bd7 $19) 12... Be6 (12... Bg7 13. d4 exd3 14. O-O (
14. Bf4 $5 {/\0-0-0}) 14... Be6 (14... Bxe5 {Ernst} 15. Re1 Be6 16. Rxe5 Kf7
17. Bb3 Nf6 18. Bg5 $14 {Szalancy,E-Polajzer,D/Balatonbereny/1981/}) 15. Bf4
O-O-O 16. Rad1 Rd4 17. Bg3 Nf6 18. Rfe1 d2 19. Re2 Ne4 20. Nf3 $16 {Madl,
I-Elstner,H/Baltonbereny/1988}) 13. d4 (13. b3 Bg7 14. Bb2 a6 15. b4 Nh6 16.
O-O O-O 17. Bb3 a5 18. bxa5 Rxa5 $10 {Velimirovic-Vasjukov/Jug-URS/1973}) 13...
exd3 14. Bg5 $1 {Preventing 14...0-0-0} Bg7 (14... Be7 {Ernst} 15. Bxe7 Nxe7
16. Rd1 O-O-O 17. Bb3 Nf5 18. Rxd3 $16 {Wolff-Gurevich/Boston/1986/}) (14...
Bb4+ $2 15. Bd2 Bd6 16. Bc3 $1) 15. O-O-O $1 $36 Bxe5 (15... h6 16. Bf4 g5 17.
Bg3 O-O-O 18. Rhe1 $16) 16. Rhe1 h6 $6 (16... Kf7 $142 $1 17. Rxe5 Bxc4 $13 18.
Rde1 Bxa2 $13 19. Bd2 $36 h6 $5 {Good enough?} 20. Bc3 Rh7 $5 {Not a nice
position for Black}) 17. Rxe5 hxg5 $2 {Loosing} (17... Kf7 $142) 18. Rxe6+ Kf7
19. Rd6 $18 {The winning move.} Nf6 20. R1xd3 g4 (20... Rxh2 $2 {Ernst} 21. Rf3
$18) 21. f3 $1 Rxh2 22. fxg4 Ne4 (22... Nxg4 23. Rd7+ Kf6 24. Rxb7 $16) (22...
Re8 $142 23. g5 $1 (23. Rf3 Re6 $1) 23... Ne4 24. Rf3+ $18) 23. Rf3+ Kg7 24.
Rd7+ Kh6 25. Re3 $1 Nc5 $2 (25... Ng5 26. Rxb7 Rxg2 27. Bxc6 Rxg4 28. Bd5 $18)
26. g5+ (26. g5+ Kxg5 (26... Kh5 27. Bd1+) 27. Re5+ $18) 1-0